Drosophila melanogaster как тест-объект для оценки биологического воздействия твердой фазы снега; Проблемы геологии и освоения недр; Т. 1

Bibliografiske detaljer
Parent link:Проблемы геологии и освоения недр: труды XXII Международного симпозиума имени академика М. А. Усова студентов и молодых ученых, посвященного 155-летию со дня рождения академика В.А. Обручева, 135-летию со дня рождения академика М.А. Усова, основателей Сибирской горно-геологической школы, и 110-летию первого выпуска горных инженеров в Сибири, Томск, 2-7 апреля 2018 г./ Национальный исследовательский Томский политехнический университет, Инженерная школа природных ресурсов ; под ред. А. С. Боева.— , 2018
Т. 1.— 2018.— [С. 764-766]
Hovedforfatter: Гасанова Т. Т.
Institution som forfatter: Национальный исследовательский Томский политехнический университет Инженерная школа природных ресурсов Отделение геологии
Andre forfattere: Таловская А. В. Анна Валерьевна (научный руководитель)
Summary:Заглавие с экрана
Sprog:russisk
Udgivet: 2018
Serier:Геоэкология, охрана и защита окружающей среды. Геоинформационные системы в геоэкологии
Fag:
Online adgang:http://earchive.tpu.ru/handle/11683/50544
Format: MixedMaterials Electronisk Book Chapter
KOHA link:https://koha.lib.tpu.ru/cgi-bin/koha/opac-detail.pl?biblionumber=627861

MARC

LEADER 00000naa2a2200000 4500
001 627861
005 20231101133501.0
035 |a (RuTPU)RU\TPU\conf\27887 
035 |a RU\TPU\conf\27878 
090 |a 627861 
100 |a 20181001d2018 k y0rusy50 ca 
101 0 |a rus 
102 |a RU 
105 |a y z 100zy 
135 |a drgn ---uucaa 
181 0 |a i  
182 0 |a b 
200 1 |a Drosophila melanogaster как тест-объект для оценки биологического воздействия твердой фазы снега  |f Т. Т. Гасанова  |g науч. рук. А. В. Таловская 
203 |a Текст  |c электронный 
225 1 |a Геоэкология, охрана и защита окружающей среды. Геоинформационные системы в геоэкологии 
230 |a 1 компьютерный файл (pdf; 922 Kb) 
300 |a Заглавие с экрана 
320 |a [Библиогр.: с. 766 (7 назв.)] 
461 1 |0 (RuTPU)RU\TPU\conf\27247  |t Проблемы геологии и освоения недр  |o труды XXII Международного симпозиума имени академика М. А. Усова студентов и молодых ученых, посвященного 155-летию со дня рождения академика В.А. Обручева, 135-летию со дня рождения академика М.А. Усова, основателей Сибирской горно-геологической школы, и 110-летию первого выпуска горных инженеров в Сибири, Томск, 2-7 апреля 2018 г.  |o в 2 т.  |f Национальный исследовательский Томский политехнический университет, Инженерная школа природных ресурсов ; под ред. А. С. Боева  |d 2018 
463 1 |0 (RuTPU)RU\TPU\conf\27248  |t Т. 1  |v [С. 764-766]  |d 2018 
610 1 |a труды учёных ТПУ 
610 1 |a электронный ресурс 
610 1 |a биологическое воздействие 
610 1 |a твердые фазы 
610 1 |a снега 
610 1 |a антропогенные нагрузки 
610 1 |a экосистемы 
610 1 |a атмосферный воздух 
610 1 |a загрязнители 
610 1 |a биотестирование 
700 1 |a Гасанова  |b Т. Т. 
702 1 |a Таловская  |b А. В.  |c геохимик  |c доцент Томского политехнического университета, кандидат геолого-минералогических наук  |f 1983-  |g Анна Валерьевна  |2 stltpush  |4 727 
712 0 2 |a Национальный исследовательский Томский политехнический университет  |b Инженерная школа природных ресурсов  |b Отделение геологии  |h 8083  |2 stltpush  |3 (RuTPU)RU\TPU\col\23542 
801 2 |a RU  |b 63413507  |c 20181003  |g RCR 
856 4 |u http://earchive.tpu.ru/handle/11683/50544 
942 |c BK